000 00418nam a2200181Ia 4500
005 20250423101502.0
008 250422s9999 xx 000 0 und d
020 _a8094-2709-5
050 _aDL 65 .W43/
100 _aWernick, Robert
245 4 _aThe Vikings : the seafarers
260 _aCanada
260 _bTime-Life Books
260 _c1979
300 _a176 p
650 _aHistory- Europe
942 _cBK
999 _c36424
_d36424